[Event "GER-chT U10"]
[Site "Magdeburg"]
[Date "2014.12.29"]
[Round "6.1"]
[White "Winkelmann, Maurits"]
[Black "Colbow, Collin"]
[Result "0-1"]
[WhiteElo "1129"]
[BlackElo "1305"]
[PlyCount "46"]
[EventDate "2014.12.27"]
[EventType "team-swiss"]
[EventRounds "7"]
[EventCountry "GER"]
[SourceTitle "EXT 2016"]
[Source "ChessBase"]
[SourceDate "2015.10.08"]
[SourceVersion "1"]
[SourceVersionDate "2015.10.08"]
[SourceQuality "1"]
[WhiteTeam "Lambsheim"]
[BlackTeam "Bremen Nord"]
[WhiteTeamCountry "GER"]
[BlackTeamCountry "GER"]

1. e4 e5 2. Nf3 Nc6 3. Bc4 Bc5 4. c3 Nf6 5. d4 exd4 6. cxd4 Bb4+ 7. Nc3 Nxe4 8. Qe2 d5 9. Bb3 0-0 10. 0-0 Nxc3 11. bxc3 Bxc3 12. Bb2 Bxb2 13. Qxb2 Re8 14. Bc2 Bg4 15. Qc3 Qf6 16. Ba4 Re6 17. Bxc6 Rxc6 18. Qb3 Rb6 19. Qxd5 Rd8 20. Qa5 Bxf3 21. gxf3 Qxf3 22. Rfe1 Rg6+ 23. Qg5 Rxg5+ 0-1